000 01600 a2200229 4500
001 53874
005 20260407155809.0
008 260407a1977 arg spa d
003 AR-UNSa-BCEJYS
040 _aAR-UNSa-BCEJYS
_bspa
_cAR-UNSa-BCEJYS
080 _a330.8
_xHistoria de las teorías, Doctrinas, Dogmas económicos (pensamiento económico)
245 1 0 _aEl pensamiento económico moderno
020 _a968-419-108-1
264 1 _aMéxico :
_bGrijalbo
_c1977
300 _a176 p.
_c19 cm.
505 _a1. La orientación del pensamiento económico con el advenimiento de la teoría marginal y el abandono de la línea de investigación de los economistas clásicos - 2. Walras y el análisis del equilibrio económico general. Insuficiencias sustanciales de la teoría marginal del valor y del capital – 3. Teoría del desarrollo capitalista. El análisis de J. Schumpeter: Analogías y diferencias relevantes con el de K. Marx – 4. El capitalismo monopolista y las teorías sobre nuevas “formas de mercado” – 5. La teoría de J. M. Keynes y las políticas Keynesianas – 6. Modelos macroeconómicos y metodologías de la programación. La aplicación de las matemáticas y la economía – 7. Planificación socialista y análisis económico – 8. Teoría económica y capitalismo contemporáneo – 9. Orientaciones actuales del pensamiento económico.
041 _aspa
942 _cBK
590 _aniveau_biblio:m niveau_hierar:0
100 1 _aVitello, Vincenzo
856 4 1 _uhttps://biblioeco.unsa.edu.ar/pmb/images/libros/L128454.jpg
_yImagen de portada
_qimage/jpeg
999 _c5275
_d5275